Estatísticas para Marcas que começam com C

Clique aqui para jogar o quiz

Estatísticas Gerais

  • Esse quiz foi jogado 43 vezes
  • A pontuação média é 5 de 50

Estatísticas das Respostas

HintResposta% Correto
3.C&A
88%
1.Chanel
55%
17.Chevrolet
50%
26.Coca-Cola
45%
19.Citroen
38%
5.Calvin Klein
33%
13.Casio
15%
30.Converse
15%
8.Carolina Herrera
10%
38.Carrefour
10%
11.Cartoon Network
10%
20.Chick Fil A
10%
45.CNN
10%
4.Cadillac
8%
9.Campbell’s
8%
37.Cannon
8%
14.CBS
8%
7.Camel
5%
10.Cartier
5%
16.Cheetos
5%
34.Crocs
5%
12.Carte d'or
3%
18.Chicco
3%
21.Chicletes
3%
23.Chloé
3%
24.Christian Dior
3%
29.Compaq
3%
31.Corona
3%
2.Cacharel
0%
36.Cailler
0%
39.Carnival Cruise Lines
0%
40.Centrum
0%
41.Chase
0%
15.Cheerios
0%
43.Chili’s Grill & Bar
0%
22.Chiquita
0%
25.Chupa Chups
0%
42.CIF
0%
46.Cisco Systems
0%
44.Citi bank
0%
48.Coach
0%
27.Cologate
0%
28.Columbia Pictures
0%
6.Comfort
0%
35.Copy
0%
32.Cornetto
0%
33.Cosmopolitam
0%
49.Cotê d'or
0%
47.Crown Royal
0%
50.Crunch
0%

Distribuição das Pontuações

Percentil de Números Respondidos

Porcentagem de Pessoas com Cada Pontuação

Sua Pontuação Histórica

Você não jogou esse quiz